College Quizbowl Stats
College Quizbowl Stats
Circuits
Seasons
Sets
Records
Detailed Stats
About
Loading...
Upstate NY
Tossups
Bonuses
Players
Teams
Categories (Tossup)
Categories (Bonus)
Reese Powell
Wisconsin A
Categories
Category
Powers
Gets
Negs
BBs
Points
Earliest Buzz
Avg. Buzz
First Buzzes
Top 3 Buzzes
BPA
PVF
Social Science
0
1
0
0
10
97
97.00
1
1
0.00
0.00
Philosophy
0
0
0
0
0
0.00
0
0
0.00
0.00
Science - Biology
0
0
0
0
0
0.00
0
0
0.00
0.00
History - European
0
0
1
0
-5
0.00
0
0
0.00
0.00
Pop Culture
0
0
1
0
-5
0.00
0
0
0.00
0.00
Buzzes
Category
Answer
Value
Buzz Position
Social Science
sexology
10
97
History - European
Vienna
-5
112
Pop Culture
Buffy the Vampire Slayer
-5
119
Science - Biology
heavy metal poisoning
0
122
Philosophy
being
0
127
Previous
1
Next